Cálculo de antenas /

Obra sobre el diseño y cálculo de antenas de radio, organizada en los siguientes ocho capítulos: Recordatorio. Definiciones. Formulario. Antenas. Líneas de transmisión. Datos de interés. Adaptaciones de antenas. Ejercicios prácticos.

I tiakina i:
Ngā taipitopito rārangi puna kōrero
Kaituhi matua: García Domínguez, Armando (autor)
Hōputu: Pukapuka
Reo:Pāniora
I whakaputaina: México : Alfaomega, 1995, c1995
Putanga:2a edición
Ngā marau:
Ngā Tūtohu: Tāpirihia he Tūtohu
Kāore He Tūtohu, Me noho koe te mea tuatahi ki te tūtohu i tēnei pūkete!

MARC

LEADER 00000nam^a2200000^a^4500
001 000124505
005 20250521000000.0
009 20260310094618.17
020 |a 970-15-0193-4 
037 |a Acervo ITESO - Biblioteca 
041 |a ESP 
082 |a 621. 384135  |b GAR 
100 |a García Domínguez, Armando  |e (autor) 
245 1 0 |a Cálculo de antenas /  |c A. García Domínguez. 
250 |a 2a edición 
264 4 |a México :  |b Alfaomega,  |c 1995, c1995 
300 |a XII, 125 p. 
336 |a texto  |b txt  |2 rdacontenido 
337 |a sin mediación  |b n  |2 rdamedio 
338 |a volumen  |b nc  |2 rdasoporte 
520 |a Obra sobre el diseño y cálculo de antenas de radio, organizada en los siguientes ocho capítulos: Recordatorio. Definiciones. Formulario. Antenas. Líneas de transmisión. Datos de interés. Adaptaciones de antenas. Ejercicios prácticos. 
649 |a XX 
650 |a Antenas (Electrónica) 
650 |a Radio -  |x Aspectos Tecnológicos 
650 |a Radio -  |x Equipo y Aparatos 
650 |a Medios de Comunicación -  |x Equipo y Aparatos 
650 |a Medios de Comunicación -  |x Aspectos Tecnológicos 
650 |a Ingeniería Electrónica 
910 |a Fondo General 
920 |a Impresos - Libros 
930 |a Colección General 
905 |a 101 
901 |a 0500057746  |b IT1  |c ACC  |u 20250521 
902 |a https://opac.biblio.iteso.mx/vufind/Record/000124505